U. S. economic growth from 1976 to 1986 :
Uloženo v:
| Médium: | Kniha |
|---|---|
| Jazyk: | Undetermined |
| Vydáno: |
Washington
aa
1976
|
| Témata: | |
| Tagy: |
Přidat tag
Žádné tagy, Buďte první, kdo otaguje tento záznam!
|
| Thư viện lưu trữ: | Trung tâm Học liệu Trường Đại học Cần Thơ |
|---|
| LEADER | 00444nam a2200169Ia 4500 | ||
|---|---|---|---|
| 001 | CTU_84347 | ||
| 008 | 210402s9999 xx 000 0 und d | ||
| 082 | |a 330.9 | ||
| 082 | |b F142 | ||
| 245 | 0 | |a U. S. economic growth from 1976 to 1986 : | |
| 260 | |a Washington | ||
| 260 | |b aa | ||
| 260 | |c 1976 | ||
| 650 | |a united states | ||
| 650 | |x economic conditions | ||
| 650 | |y 1971-1981 | ||
| 980 | |a Trung tâm Học liệu Trường Đại học Cần Thơ | ||